A BANKI MÉRLEGSZERKEZET ÁTALAKULÁSA A PÉNZÜGYI VÁLSÁG HATÁSÁRA A MAGYAR BANKRENDSZERBEN
| Szerző: | |
|---|---|
| További közreműködők: | |
| Dokumentumtípus: | Diplomadolgozat |
| Kulcsszavak: | bank mérleg likviditás forintosítás |
| Online Access: | http://dolgozattar.uni-bge.hu/11061 |
MARC
| LEADER | 00000nta a2200000 i 4500 | ||
|---|---|---|---|
| 001 | dolg11061 | ||
| 005 | 20170511091810.0 | ||
| 008 | 170511suuuu hu om 000 hun d | ||
| 040 | |a BGE Dolgozattár Repozitórium |b hun | ||
| 041 | |a hu | ||
| 100 | 1 | |a Podhorányi Dávid | |
| 245 | 1 | 2 | |a A BANKI MÉRLEGSZERKEZET ÁTALAKULÁSA A PÉNZÜGYI VÁLSÁG HATÁSÁRA A MAGYAR BANKRENDSZERBEN |c Podhorányi Dávid |h [elektronikus dokumentum] |
| 695 | |a bank mérleg | ||
| 695 | |a likviditás | ||
| 695 | |a forintosítás | ||
| 700 | 1 | |a Szekeres Dr. Bernadett |e ths | |
| 856 | 4 | 0 | |u http://dolgozattar.uni-bge.hu/11061/1/Podhoranyi_David_Szakdolgozat_G9ZEKQ_BGE_UNI_SZAMMVITEL_LEVELEZO_ELLENORZES_KONYVVIZSGALAT.pdf |z Dokumentum-elérés |
| 856 | 4 | 0 | |u http://dolgozattar.uni-bge.hu/11061/2/PD_repozit%C3%B3rium.pdf |z Dokumentum-elérés |